00760cam a22002291 4500001001300000003000400013005001700017008004100034010001700075035001900092040005400111042001200165050001600177070001400193100002800207245009900235260003000334300006800364504005900432650002400491999001500515agr26001585 DLC20260227110946.0820106s1926 gw ab b 000 0 ger c aagr26001585  a(OCoLC)8042996 aLibrary, U.S. Dept. of AgriculturecNbUdNbUdDLC apremarc00aS471.C6bW30 a34.1bW121 aWagner, Wilhelm,d1886-14aDie chinesische Landwirtschaft,cvon Dr. Wilhelm Wagner. Mit 204 Textabbildungen und 2 Karten. aBerlin,bP. Parey,c1926. axv, 668 p. incl. illus., tables, diagrs.b2 fold. maps.c25 cm. a"Verzeichnis der wichtigsten Literatur": p. [661]-668. 0aAgriculturezChina. c9071d9071